000 003220000a22001450004500
001 005685
003 MACL
040 _aMACL
090 _c17678
_d17677
245 _aMufeed ul Khwateen
_bRao Manik Vitthal Rao
260 _aShamsul Matabe Hyderabad De
350 _a3.00
650 _aUrdu Literature
942 _k891
_cBook
999 _c17567
_d17567